110 and 100 Meter Hurdles World Championships Medalists - Statistics

General Stats
  • This quiz has been taken 57 times
  • The average score is 26 of 96
Answer Stats
% Correct
Men Bronze 2015 Aries Merritt
67%
Men Gold 1993 Colin Jackson
67%
Men Gold 1999 Colin Jackson
67%
Men Silver 1997 Colin Jackson
67%
Men Bronze 1987 Colin Jackson
67%
Men Gold 1995 Allen Johnson
60%
Men Gold 1997 Allen Johnson
60%
Men Gold 2001 Allen Johnson
60%
Men Gold 2003 Allen Johnson
60%
Men Bronze 2005 Allen Johnson
60%
Men Silver 1999 Anier García
53%
Men Silver 2001 Anier García
53%
Women Gold 1993 Gail Devers
53%
Women Gold 1995 Gail Devers
53%
Women Gold 1999 Gail Devers
53%
Women Silver 1991 Gail Devers
53%
Women Silver 2001 Gail Devers
53%
Men Gold 2013 David Oliver
47%
Men Gold 2011 Jason Richardson
47%
Women Silver 2005 Delloreen Ennis-London
40%
Women Bronze 2007 Delloreen Ennis-London
40%
Women Bronze 2009 Delloreen Ennis-London
40%
Men Gold 2005 Ladji Doucouré
40%
Men Gold 2007 Liu Xiang
40%
Men Silver 2005 Liu Xiang
40%
Men Silver 2011 Liu Xiang
40%
Men Bronze 2003 Liu Xiang
40%
Men Gold 2017 Omar McLeod
40%
Men Bronze 1995 Roger Kingdom
40%
Women Gold 2011 Sally Pearson
40%
Women Gold 2017 Sally Pearson
40%
Women Silver 2013 Sally Pearson
40%
Women Gold 2013 Brianna Rollins
33%
Women Gold 2009 Brigitte Foster-Hylton
33%
Women Silver 2003 Brigitte Foster-Hylton
33%
Women Bronze 2005 Brigitte Foster-Hylton
33%
Women Gold 2015 Danielle Williams
33%
Men Gold 2009 Ryan Brathwaite
33%
Men Bronze 2007 David Payne
27%
Men Bronze 2009 David Payne
27%
Women Bronze 2011 Dawn Harper
27%
Women Silver 2017 Dawn Harper-Nelson
27%
Women Gold 1997 Ludmila Engquist
27%
Women Bronze 1999 Ludmila Engquist
27%
Women Gold 1991 Ludmila Narozhilenko
27%
Women Gold 2005 Michelle Perry
27%
Women Gold 2007 Michelle Perry
27%
Women Silver 2009 Priscilla Lopes-Schliep
27%
Men Silver 2013 Ryan Wilson
27%
Men Gold 2015 Sergey Shubenkov
27%
Men Silver 2017 Sergey Shubenkov
27%
Men Bronze 2013 Sergey Shubenkov
27%
Men Silver 2003 Terrence Trammell
27%
Men Silver 2007 Terrence Trammell
27%
Men Silver 2009 Terrence Trammell
27%
Men Bronze 2011 Andy Turner
20%
Men Gold 1983 Greg Foster
20%
Men Gold 1987 Greg Foster
20%
Men Gold 1991 Greg Foster
20%
Men Silver 2015 Hansle Parchment
20%
Women Gold 2003 Perdita Felicien
20%
Women Silver 2007 Perdita Felicien
20%
Women Bronze 2013 Tiffany Porter
20%
Men Silver 1993 Tony Jarrett
20%
Men Silver 1995 Tony Jarrett
20%
Men Bronze 1991 Tony Jarrett
20%
Women Bronze 2015 Alina Talay
13%
Men Silver 1983 Arto Bryggare
13%
Women Silver 2015 Cindy Roleder
13%
Women Silver 2011 Danielle Carruthers
13%
Women Gold 2001 Anjanette Kirkland
7%
Men Bronze 2017 Balázs Baji
7%
Women Bronze 1987 Cornelia Oschkenant
7%
Men Bronze 1999 Duane Ross
7%
Women Gold 1987 Ginka Zagorcheva
7%
Women Bronze 1983 Ginka Zagorcheva
7%
Women Silver 1999 Glory Alozie
7%
Women Bronze 2003 Miesha McKelvy
7%
Women Gold 1983 Bettine Jahn
0%
Men Bronze 2001 Dudley Dorival
0%
Women Silver 1987 Gloria Uibel
0%
Men Bronze 1997 Igor Kováč
0%
Men Silver 1991 Jack Pierce
0%
Men Bronze 1993 Jack Pierce
0%
Men Silver 1987 Jon Ridgeon
0%
Women Silver 1983 Kerstin Knabe
0%
Women Bronze 1993 Lynda Tolbert-Goode
0%
Women Silver 1993 Marina Azyabina
0%
Women Bronze 1997 Michelle Freeman
0%
Women Bronze 1991 Nataliya Grygoryeva
0%
Women Silver 1995 Olga Shishigina
0%
Women Bronze 2001 Olga Shishigina
0%
Women Bronze 2017 Pamela Dutkiewicz
0%
Women Silver 1997 Svetla Dimitrova
0%
Men Bronze 1983 Willie Gault
0%
Women Bronze 1995 Yuliya Graudyn
0%
No matching quizzes found
Score Distribution
Percent of People with Each Score
Percentile by Number Answered
Your Score History
You have not taken this quiz